000 00770nam a2200229 a 4500
005 20140414093848.0
008 021121s19uu xx 00 eng d
050 _aVHSd 374.001OR
_bW63 2000
100 _aWiggins, Grant
245 _aUnderstanding by design (3) :
_cGrant Wiggins and Jay McTighe.
_brefining unit designs /
260 _aAlexandria, Va :
_bAssociation for Supervision and Curriculum Development,
_cc2000.
300 _a3 tapes, 25 min.
440 _aASCD
500 _aIncludes bibliographical references and index.
650 _aCurriculum planning
_xUnited States.
650 _aCurriculum based-assessment
_xUnited States.
650 _aLearning.
650 _aComprehension.
700 _aMcTighe, Jay
942 _cAVM
999 _c109726
_d109726